[Event "Mykolaiv IM Feb 2021"]
[Site "Mykolaiv"]
[Date "2021.02.28"]
[Round "3.1"]
[White "Okhotnik, Vladimir"]
[Black "Kozak, Leonid"]
[Result "1/2-1/2"]
[WhiteElo "2350"]
[BlackElo "2244"]
[Annotator "TA"]
[PlyCount "188"]
[EventDate "2021.02.25"]
[EventType "tourn"]
[EventCountry "UKR"]
[SourceTitle "playchess.com"]
[Source "ChessBase"]
[SourceQuality "1"]

{[%evp 10,188,0,-11,-7,-9,14,4,12,0,0,0,4,3,16,-10,0,-11,7,0,22,22,30,27,40,33,38,46,44,39,59,39,40,12,47,32,39,27,43,39,50,37,42,15,62,61,83,64,78,68,77,47,67,48,58,61,153,145,151,121,152,145,159,148,151,63,64,47,110,116,130,124,180,90,250,233,243,242,207,130,178,163,271,275,336,324,320,203,452,245,315,274,327,161,363,363,363,325,427,433,436,434,430,379,420,404,420,391,434,427,392,373,1204,416,486,429,355,304,368,358,727,507,684,521,466,302,304,304,301,287,277,273,183,191,191,191,191,191,191,191,191,191,191,191,191,190,189,189,189,0,0,0,0,0,0,0,0,0,0,0,0,0,0,0,0,0,0,0,0,0,0,0,0,0,0,0,0,0,0,-8,-8]} 1. e4 c5 2. Nf3 d6 3. Bc4 Nf6 4. d3 e6 5. O-O Be7 6. Bb3 O-O {B50: Sicilian: 2...d6, Miscellaneous.} 7. c3 b6 8. Re1 Bb7 9. Nbd2 Nbd7 10. Nf1 Qc7 11. Ng3 Ne5 12. Bf4 {[#]} Ng6 $146 ({Predecessor:} 12... Nxf3+ 13. Qxf3 Nd7 14. d4 c4 15. Bc2 g6 16. Bh6 Rfe8 17. Qe3 b5 18. f4 e5 {1-0 (29) Fedorov,A (2617)-Golubev,M (2467) Predeal 2006}) 13. Bd2 Rfe8 14. d4 Bf8 15. Rc1 h6 16. Bc2 a6 17. Qe2 e5 18. d5 Nf4 19. Qd1 g6 20. Nf1 Bg7 21. g3 N4h5 22. Ne3 Bc8 23. Nh4 Qd8 24. a4 b5 25. Ra1 Bd7 26. f3 Kh7 27. Qe2 Qb6 28. Ra2 Qb7 29. Rea1 Reb8 30. Qf2 Kg8 31. b4 c4 32. Nhg2 Ne8 (32... Nh7 $14) 33. Ng4 $1 $16 Kh7 34. Qe3 $1 {[%cal Rg4h6]} Bxg4 35. fxg4 Nhf6 36. Qf3 Kg8 37. g5 (37. a5 $16) 37... hxg5 $14 38. Bxg5 Nh7 (38... a5 $1 $14) 39. Be3 Qc8 40. g4 Nc7 (40... Nef6 $16) 41. h3 (41. a5 $18) 41... Nf6 $2 (41... a5 $16) 42. a5 Qd7 43. Rf1 Rf8 44. Bd1 Nh7 45. Raf2 f6 (45... f5 $142) 46. h4 Rf7 47. Bd2 Raf8 48. Ne3 Qd8 $2 (48... Bh6 49. Nxc4 {[%mdl 64] Discovered Attack} Bxd2) 49. Qg3 (49. h5 $142 gxh5 50. Nf5) 49... Rd7 50. Bf3 Rff7 51. Bg2 (51. h5 $142 g5 52. Nf5) 51... Qf8 $2 (51... Bh6 {was necessary.} 52. g5 fxg5) 52. Bh3 $18 Rde7 53. Ng2 Bh6 {If Black can now play ...Bxd2 this consolidates a bit.} 54. g5 fxg5 55. hxg5 Bg7 56. Nh4 Rxf2 57. Rxf2 Qe8 58. Qg4 Nf8 59. Be3 Qb8 60. Qg3 Ne8 $2 {[#]} (60... Qe8 61. Qg4 Rf7) 61. Nf3 (61. Rxf8+ $142 $1 {[%mdl 512]} Bxf8 62. Nxg6) 61... Rf7 62. Nh2 Rxf2 63. Qxf2 Qd8 64. Bg4 Nh7 $2 (64... Nc7 65. Nf3 Qe8) 65. Be6+ Kh8 66. Qf7 {[%csl Ge6][%cal Rf7g8]} Nc7 67. Qxg6 Nxe6 68. dxe6 ({Not} 68. Qxe6 Nxg5 69. Qf5 Nh7 $14) 68... Qe7 69. Qf7 $1 {[%cal Rf7e7]} Qxf7 70. exf7 {[%mdl 4096] Endgame KBN-KBN} Nf8 71. Nf3 Ng6 72. Nd2 $1 {[%cal Rd2c4] Black must now prevent Nxc4!} Ne7 73. g6 $1 {Hoping for Nxc4!} Bf8 74. Bg5 $1 {[%cal Rg5f6] White threatens Bf6+ and mate.} Kg7 75. Bxe7 Bxe7 {KB-KN} 76. Kg2 Kxg6 {[#]} 77. Nxc4 $1 {[%mdl 512]} Kxf7 {[#]} ({Don't go for} 77... bxc4 $2 78. b5 $18) 78. Na3 $1 Bd8 79. Nc2 $2 ({White must play} 79. c4 $18 bxc4 80. Nxc4) 79... Ke6 {The position is equal.} 80. Ne3 Bg5 81. Nd5 Kd7 82. Kf3 Kc6 83. Ke2 Bh4 84. Kd3 Bg5 85. c4 Bh4 86. Nc3 bxc4+ 87. Kxc4 Be1 88. Nd5 Bd2 89. Kd3 Be1 90. Ke2 Bh4 91. Kd2 Bg3 92. Ne7+ Kb5 93. Nd5 Kc4 94. Nc7 Kxb4 {Black escapes into a draw.  Weighted Error Value: White=0.19/Black=0.33} 1/2-1/2

[Event "Mykolaiv IM Feb 2021"]
[Site "Mykolaiv"]
[Date "2021.02.28"]
[Round "3.2"]
[White "Gavrish, Leonid"]
[Black "Bondar, Dmytro"]
[Result "0-1"]
[WhiteElo "2085"]
[BlackElo "2254"]
[Annotator "TA"]
[PlyCount "74"]
[EventDate "2021.02.25"]
[EventType "tourn"]
[EventCountry "UKR"]
[SourceTitle "playchess.com"]
[Source "ChessBase"]
[SourceQuality "1"]

{[%evp 9,74,47,49,9,20,0,8,-6,-8,0,36,10,19,-23,-26,-1,18,0,0,0,0,-5,40,38,71,62,79,18,0,-64,-65,-86,-80,-188,-215,-1196,25,-1105,-192,-176,-186,-166,-162,-165,-5,-5,0,0,0,0,0,0,0,-816,-816,-815,-812,-764,-812,-966,-966,-965,-762,-749,-729,-795,-755]} 1. d4 f5 2. c4 Nf6 3. Nc3 d6 4. Bg5 Nbd7 5. Qc2 g6 6. e4 {A85: Dutch Defence: 2 c4 Nf6 3 Nc3.} fxe4 7. Nxe4 Bg7 8. Nf3 {The position is equal.} Nxe4 9. Qxe4 Nf6 10. Bxf6 Bxf6 {[#]} 11. O-O-O $146 ({Predecessor:} 11. Bd3 Bf5 12. Qe3 Qd7 13. O-O O-O 14. Rfe1 a6 15. Nd2 Rae8 16. Ne4 Bg7 17. Ng3 {½-½ (45) Thybo,J (2255)-Rasmussen,A (2502) Helsingor 2015}) 11... Bf5 12. Qe3 c5 13. dxc5 {And now Rxd6 would win.} Qa5 {[%mdl 64] Double Attack} 14. a3 O-O $40 {[%mdl 128] Black mounts an attack.} 15. Bd3 {With the idea Bxf5.} Bxd3 16. Rxd3 Rac8 17. cxd6 exd6 18. Re1 (18. Qe6+ $16 Kh8 19. Kb1 (19. Rxd6 Qa4 $14)) 18... b5 $11 {[%cal Bb7b5,Bb5c4,Bc4c3][%mdl 32]} 19. Rxd6 (19. Qe6+ $11 Kh8 20. Qxd6 (20. Rxd6 bxc4 21. Qd5 Rc5 $17)) 19... bxc4 $15 {...c3 is the strong threat.} 20. Qe6+ Kh8 {Hoping for ...c3.} 21. Rd5 (21. Qd5 $17 {is a better defense.} Rc5 22. Rxf6 Rxd5 23. Rxf8+ Kg7 24. Rc8) 21... Qa4 $1 $19 {aiming for ...c3.} 22. Qd7 $2 {[#]} (22. Qe4) 22... Qb3 $2 ({Black should play} 22... Bxb2+ $1 $19 {[%mdl 512]} 23. Kxb2 c3+ 24. Kc1 Qxa3+ 25. Kd1 Qa2) 23. Ne5 $2 {[%mdl 8192]} (23. Rb5 $11 Rfd8 24. Qxd8+ $1 (24. Rxb3 cxb3+ 25. Qxc8 Rxc8+ 26. Kd2 Bxb2 $17) 24... Rxd8 25. Rxb3 cxb3 26. Re3) 23... Bxe5 $2 (23... c3 24. Nf7+ Rxf7 $1 {[%mdl 512]} 25. Qxc8+ Kg7 26. bxc3 Qxd5) 24. Rdxe5 {White wants to mate with Re7.} c3 25. R5e2 cxb2+ 26. Kb1 Qc3 (26... Rcd8 $19 27. Qe6 Qxa3 28. Qe5+ Kg8 29. Qe6+ Rf7 30. Rxb2 Qd3+ 31. Rc2 a6) 27. Qd2 $11 Qf6 28. f3 ({Don't blunder} 28. Qxb2 $2 Rb8 $19) 28... Rfd8 29. Qxb2 Rb8 $1 {[%cal Rb8b2][%mdl 64] Pin} 30. Re8+ $1 Kg7 $1 {[%csl Gb8][%cal Rf6b2]} 31. R8e7+ $2 {[%mdl 8192]} (31. Qxb8 $11 Rxb8+ 32. Rxb8) 31... Kh6 $19 {[%csl Gb8][%cal Rf6b2] Black is clearly winning.} 32. Rb7 Rxb7 33. Qxb7 {[#]} Rd6 $1 34. Qxa7 Rb6+ 35. Qxb6 Qxb6+ 36. Kc1 Qf2 37. Kd1 Qxg2 {Weighted Error Value: White=0.80/Black=0.50} 0-1

[Event "Mykolaiv IM Feb 2021"]
[Site "Mykolaiv"]
[Date "2021.02.28"]
[Round "3.3"]
[White "Vakulenko, Oleksandr"]
[Black "Kushko, Dmitriy"]
[Result "0-1"]
[WhiteElo "2256"]
[BlackElo "2285"]
[Annotator "TA"]
[PlyCount "96"]
[EventDate "2021.02.25"]
[EventType "tourn"]
[EventCountry "UKR"]
[SourceTitle "playchess.com"]
[Source "ChessBase"]
[SourceQuality "1"]

{[%evp 23,96,34,38,26,36,23,28,18,29,28,25,18,28,0,0,-66,-59,-49,-41,-72,-61,-75,-34,-35,-20,-36,0,0,0,0,0,0,0,0,0,0,0,0,0,0,-6,-17,-21,-31,-9,-47,-35,-33,-31,-175,-177,-197,-208,-222,-232,-209,-217,-224,-212,-310,-289,-227,-310,-702,-658,-1150,-1123,-2199,-2025,-12837,-10823,-12840,-12839,-12839,-12838]} 1. d4 d6 2. c4 g6 3. e4 Bg7 4. Nc3 Nf6 5. f3 O-O 6. Be3 c5 7. d5 a6 8. a4 e6 9. Nge2 exd5 10. cxd5 Nbd7 11. Ng3 Ne5 12. Be2 Bd7 13. O-O {A65: Modern Benoni: 6 e4.} b5 14. h3 Rb8 15. f4 {White has an edge.} Nc4 16. Bxc4 bxc4 17. e5 Ne8 18. Qd2 f5 {[#]} 19. Ra2 $146 (19. e6 $11) ({Predecessor:} 19. exf6 Qxf6 20. Rae1 Bf5 21. Rf3 Bd3 22. f5 Nc7 23. Nge4 Bxe4 24. Nxe4 Qxb2 25. f6 Qxd2 26. Bxd2 Bh8 27. Ref1 Nxd5 28. f7+ Kg7 29. Nxd6 h6 30. Nxc4 {½-½ (30) Valerga,D (2490)-Perez Ponsa,F (2497) Resistance/Saenz Pena 2013}) 19... dxe5 $15 20. Bxc5 Rf7 21. fxe5 Bxe5 22. Nge2 Nd6 23. Bd4 Qf6 24. Raa1 Re8 25. Bxe5 Qxe5 26. Rae1 Rfe7 27. Nf4 Qf6 ({Of course not} 27... Qxe1 28. Rxe1 Rxe1+ 29. Kh2 $16) 28. Rxe7 Qxe7 29. Qd4 Qe3+ 30. Qxe3 Rxe3 31. Kf2 Re8 32. Re1 Rxe1 33. Kxe1 $11 {[%mdl 4096] Endgame KBN-KNN} Kf7 34. Kd2 Kf6 35. Ke3 $1 Ke5 36. Nfe2 {[#] This costs White the game.} (36. Ne6 $1 $15) 36... g5 $1 $19 37. Ng1 {[#] Black should prevent Nf3+.} g4 38. hxg4 fxg4 39. Nge2 Nf5+ 40. Kf2 Ne7 41. Ke3 (41. d6 {was forced.} Nf5 42. a5) 41... Nxd5+ 42. Nxd5 Kxd5 {KB-KN} 43. Nc3+ $2 (43. a5) 43... Kc5 {Black is clearly winning.} 44. Ne4+ Kb4 45. Kd4 Bc6 46. Nf6 Bxg2 47. Nxg4 h5 48. Ne3 {[#]} h4 $1 {Weighted Error Value: White=0.83/Black=0.03} 0-1

[Event "Mykolaiv IM Feb 2021"]
[Site "Mykolaiv"]
[Date "2021.02.28"]
[Round "3.4"]
[White "Kocyigit, Buse Naz"]
[Black "Boricsev, Oleg"]
[Result "1/2-1/2"]
[WhiteElo "2143"]
[BlackElo "2234"]
[Annotator "TA"]
[PlyCount "37"]
[EventDate "2021.02.25"]
[EventType "tourn"]
[EventCountry "UKR"]
[SourceTitle "playchess.com"]
[Source "ChessBase"]
[SourceQuality "1"]

{[%evp 20,37,13,-9,0,0,0,-28,-25,-28,-20,-20,-26,-22,-20,-33,-16,-25,-30,-16]} 1. Nf3 d5 2. d4 e6 3. c4 Nf6 4. Nc3 Be7 5. Bg5 O-O 6. e3 b6 7. Bd3 Bb7 8. O-O Nbd7 9. Qe2 h6 10. Bh4 Ne4 11. Bg3 Nxg3 {D58: Queen's Gambit Declined: Tartakower Defence.} 12. hxg3 Nf6 13. e4 dxe4 14. Nxe4 c5 15. dxc5 bxc5 16. Rad1 {[#] next Nxf6+ is good for White.} Qc7 $146 ({Predecessor:} 16... Qb6 17. b3 a5 18. Ne5 Rfd8 19. g4 a4 20. bxa4 Rxa4 21. Qc2 Rb4 22. a3 Rb2 23. Nxf6+ gxf6 {0-1 (42) Roj,M (2157)-Vrana,J (2219) Czechia 2009}) 17. Rd2 Rfd8 18. Rfd1 Nxe4 19. Bxe4 {Not much happened in this game.  Weighted Error Value: White=0.12/Black=0.03} 1/2-1/2

[Event "Mykolaiv IM Feb 2021"]
[Site "Mykolaiv"]
[Date "2021.02.28"]
[Round "3.5"]
[White "Anwesh, Upadhyaya"]
[Black "Sydoryka, Vladyslav"]
[Result "1-0"]
[WhiteElo "2364"]
[BlackElo "2331"]
[Annotator "TA"]
[PlyCount "191"]
[EventDate "2021.02.25"]
[EventType "tourn"]
[EventCountry "UKR"]
[SourceTitle "playchess.com"]
[Source "ChessBase"]
[SourceQuality "1"]

{[%evp 22,191,20,16,65,66,70,77,70,44,85,46,77,77,197,170,186,181,168,173,251,242,375,379,361,297,383,383,360,345,343,324,483,484,477,472,419,375,736,348,316,313,273,242,629,632,624,625,581,371,391,377,362,370,371,295,287,301,321,321,307,307,313,313,308,297,232,0,274,0,0,0,0,0,0,0,0,0,0,0,0,0,0,0,0,0,0,0,0,0,0,0,0,0,0,0,0,0,0,0,0,0,0,0,0,0,0,0,244,252,248,253,1041,1043,1014,997,888,341,364,364,349,357,793,737,557,231,529,493,487,432,441,354,379,383,375,364,432,385,370,363,217,216,445,412,419,405,285,0,380,328,5414,5922,998,929,29976,29977,29979,29957,29972,29970,29972,29972,29981,29982,29984,29985,29996,29997,29997,29998,29998,29999]} 1. c4 Nf6 2. g3 e6 3. d4 d5 4. Nf3 Bb4+ 5. Bd2 Be7 6. Bg2 O-O 7. O-O c6 8. Qc2 Nbd7 9. Bf4 b6 10. Rd1 Bb7 11. Ne5 Rc8 12. Nc3 h6 {E08: Closed Catalan: Main Line: 7 Qc2.} 13. e4 dxe4 14. Nxe4 Nxe4 {White is better.} 15. Bxe4 {[#]} Bf6 $146 ({Predecessor:} 15... Nf6 16. Bg2 Bd6 17. Re1 Qe7 18. Rad1 Rfd8 19. a3 Bb8 {½-½ (59) Sadowski,M (2553)-Makovsky,P (2502) ICCF email 2009}) 16. Rd3 Bxe5 17. dxe5 Qc7 (17... Rc7 $16) 18. Rad1 $1 $18 Nc5 {[#]} 19. Bh7+ {[%mdl 512]} Kh8 20. Rd6 a5 (20... Rcd8 $142 21. Qd2 Rxd6 22. exd6 Qd7) 21. Be3 Na6 (21... Rb8 $142 22. Bxc5 bxc5) 22. Rd7 Qb8 23. Be4 (23. Bxb6 c5 $16) 23... Ba8 24. R1d6 c5 {[#]} 25. Bxh6 $1 {[%mdl 512]} Rc7 26. Rxc7 Qxc7 (26... Nxc7 $142 27. Bxa8 Qxa8) 27. Bxa8 Rxa8 28. Bg5 Qb7 29. a3 b5 $2 (29... Qf3 30. Rxb6 a4) 30. cxb5 (30. Qe2 $142) 30... Qxb5 31. Qe4 Nc7 32. Qc6 Qe2 $2 (32... Qxc6 33. Rxc6 Nd5 34. Rxc5 a4) 33. Qxc7 Qe1+ 34. Kg2 Qe4+ 35. f3 Qe2+ 36. Kh3 Qxf3 37. Rd8+ (37. Qxc5 Qf5+ 38. Kg2 Qxg5 $14) 37... Kh7 38. Rxa8 Qh5+ 39. Bh4 $1 Qf5+ 40. g4 Qf1+ 41. Kg3 Qg1+ 42. Kf3 $1 Qd1+ 43. Ke3 Qd4+ 44. Ke2 $1 Qxg4+ 45. Kd3 $2 (45. Kf1 $1 $18 Qf3+ 46. Kg1 Qd1+ 47. Kg2 (47. Kf2 Qd4+ 48. Kg3 Qd3+ 49. Kg4 Qe2+ 50. Kg5 Qe3+ 51. Kg4 Qe2+ 52. Kh3 Qf1+ 53. Kg4 Qe2+ $11) 47... Qd5+ 48. Kh3) 45... Qd4+ $1 $11 46. Kc2 Qc4+ 47. Kb1 Qd3+ 48. Kc1 Qc4+ 49. Kd2 Qd4+ 50. Ke2 Qc4+ 51. Kf3 Qd3+ 52. Kf4 Qd4+ 53. Kg3 Qe3+ 54. Kg2 Qe4+ 55. Kh3 Qf5+ 56. Kg3 Qd3+ 57. Kf2 Qd4+ 58. Kf1 Qd3+ $1 59. Kg1 Qb1+ 60. Kf2 Qxb2+ 61. Kf1 Qb5+ $1 62. Kg2 Qe2+ 63. Bf2 Qg4+ 64. Kf1 Qd1+ $2 (64... Qc4+ $1 $11 65. Kg1 Qg4+ 66. Kf1 Qd1+ 67. Be1 Qf3+ 68. Kg1 Qg4+ 69. Kf2 Qd4+ 70. Ke2 Qe4+ 71. Kf2 Qd4+ 72. Ke2 Qe4+ 73. Kd2 Qg2+ 74. Kc1 Qxa8 75. Qxf7 Qe4) 65. Be1 $18 Qf3+ {[#]} 66. Kg1 $1 Qe3+ $2 (66... Qxa8 67. Qxf7 Qe4) 67. Bf2 Qg5+ 68. Kh1 Qf5 {[#]} 69. Qxc5 $2 ({Weaker is} 69. Kg1 Qb1+ 70. Kg2 Qe4+ 71. Kg3 Qd3+ 72. Kg2 Qd5+ 73. Kg3 Qd3+ 74. Kf4 Qd2+ 75. Be3 Qxh2+ 76. Kf3 Qh5+ 77. Kg3 Qg6+ 78. Kh2 Qc2+ 79. Kh3 Qf5+ 80. Kh2 Qc2+ 81. Kg3 Qg6+ 82. Kh3 Qh5+ 83. Kg3 Qg6+ $16) (69. Qd8 $1) 69... Qf3+ 70. Kg1 Qxa8 71. a4 g5 $2 (71... Qd8 72. Qc2+ g6) 72. Qe7 Qf3 73. Qf6 (73. Qxg5 $142 {Qh4+ is the strong threat.} Qd1+ 74. Kg2 Qxa4 75. Kh3 Qb3+ 76. Qg3) 73... Qg4+ $2 (73... Qd1+ {was necessary.} 74. Kg2 Qg4+ 75. Bg3 Kg8) 74. Bg3 Qd1+ 75. Qf1 Qd4+ 76. Qf2 Qd1+ 77. Kg2 Kg8 78. Qe3 Qxa4 79. Qxg5+ Kf8 80. Bf2 {White wants to mate with Bc5+.} Qe4+ 81. Kg3 {Intending Bc5+ and mate.} Qd5 $2 (81... Qd3+ 82. Qe3 Qg6+ 83. Kf3 Qh5+ 84. Kg3 Qg6+ 85. Kh3 Qf5+ 86. Kg2 Qg6+ 87. Kf1 Kg8) 82. Qe3 Kg8 83. Qd4 {aiming for Qxd5.} Qb3+ 84. Qe3 Qd5 $1 85. Be1 a4 $2 (85... Kf8 86. Bc3 Kg8) 86. Bb4 Qd8 87. Bd6 Qa5 88. Kg4 {White mates.} Qb5 89. Kg5 Qb1 90. Kf6 Qf5+ 91. Ke7 Qh5 92. Qg3+ Kh8 93. Kf8 {[%csl Gf8][%cal Rg3g8]} Qh7 94. Qg5 Qg6 95. Qh4+ {[%mdl 64] Double Attack} Qh7 96. Qf6+ {[%mdl 64] Double Attack.  Weighted Error Value: White=0.22/Black=0.25} 1-0

[Event "Mykolaiv IM Feb 2021"]
[Site "Mykolaiv"]
[Date "2021.03.01"]
[Round "4.1"]
[White "Kozak, Leonid"]
[Black "Sydoryka, Vladyslav"]
[Result "0-1"]
[WhiteElo "2244"]
[BlackElo "2331"]
[Annotator "TA"]
[PlyCount "62"]
[EventDate "2021.02.25"]
[EventType "tourn"]
[EventCountry "UKR"]
[SourceTitle "playchess.com"]
[Source "ChessBase"]
[SourceQuality "1"]

{[%evp 10,62,0,-8,0,-8,27,11,48,3,0,-29,-25,-31,-22,-22,23,-35,-29,-19,-22,-23,-23,-23,-23,-25,-35,-25,-24,-30,-8,-18,0,-52,-22,-28,-20,-33,-20,-41,-22,-37,-20,-36,-24,-195,-175,-325,-332,-657,-644,-845,-837,-827,-812]} 1. d4 Nf6 2. c4 e6 3. Nc3 Bb4 4. Bd2 d5 5. e3 O-O 6. Nf3 Be7 {E51: Nimzo-Indian: Rubinstein: 4...0-0 5 Nf3 d5.} 7. Rc1 a6 8. Qc2 Nbd7 {[#] The position is equal.} 9. cxd5 $146 ({Predecessor:} 9. a4 c5 10. cxd5 exd5 11. Be2 b6 12. O-O Bb7 13. Rfd1 Re8 14. Ne5 Rc8 15. Bf3 {0-1 (67) Harikrishna,P (2731)-Carlsen,M (2870) Kolkata 2019}) 9... exd5 10. Qb3 c6 11. Bd3 Bd6 12. O-O Re8 13. Qc2 (13. e4 $11 Nxe4 14. Nxe4 (14. Bxe4 dxe4 15. Ng5 {[%mdl 64] Double Attack} Re7 $11) 14... dxe4 15. Ng5 {[%mdl 64] Double Attack}) 13... Qe7 14. e4 dxe4 15. Nxe4 Nxe4 16. Bxe4 Nf6 ({Reject} 16... Qxe4 $6 17. Rfe1 $16) 17. Bd3 h6 18. Rfe1 Be6 19. h3 Bc7 20. a3 Qd7 21. Be3 (21. Re2 $11) 21... Rad8 22. Ne5 Qd6 23. Rcd1 Nd5 24. Bc1 Qe7 25. Bh7+ Kh8 26. Be4 Qf6 27. f4 $2 {Now White is beyond hope.} (27. Bd2 $11) 27... Nxf4 $19 28. Rf1 {[#]} (28. Be3 $142) 28... Rxd4 $3 {[%mdl 512]} 29. Rxd4 (29. Bxf4 Rxd1 30. Qxd1 Bxe5 31. Bxe5 Qxe5 {[%mdl 64] Double Attack} 32. Bf3) 29... Qxe5 {Black is clearly winning.} ({Less strong is} 29... Bxe5 30. Rdd1 $17) 30. Rdd1 Nh5 31. g4 Bb6+ {Weighted Error Value: White=0.52/Black=0.09} 0-1

[Event "Mykolaiv IM Feb 2021"]
[Site "Mykolaiv"]
[Date "2021.03.01"]
[Round "4.3"]
[White "Kushko, Dmitriy"]
[Black "Kocyigit, Buse Naz"]
[Result "1-0"]
[WhiteElo "2285"]
[BlackElo "2143"]
[Annotator "TA"]
[PlyCount "119"]
[EventDate "2021.02.25"]
[EventType "tourn"]
[EventCountry "UKR"]
[SourceTitle "playchess.com"]
[Source "ChessBase"]
[SourceQuality "1"]

{[%evp 22,119,27,20,20,16,32,23,43,45,66,64,85,66,85,80,83,81,98,92,72,68,149,75,58,28,82,66,56,46,77,60,75,60,65,65,76,75,70,72,143,141,133,142,259,254,377,382,418,418,418,416,410,418,410,410,410,403,403,403,435,429,429,423,414,400,403,398,521,519,635,612,1348,1171,1664,1625,1557,1463,1494,1182,29967,29969,29974,29975,29975,29976,29976,29977,29977,29978,29978,29979,29979,29980,29980,29980,29980,29981,29979,29975]} 1. Nf3 Nf6 2. g3 g6 3. Bg2 Bg7 4. c4 O-O 5. O-O d6 6. d4 c6 7. Nc3 Qa5 8. e4 e5 9. h3 Nbd7 10. Re1 exd4 11. Nxd4 Ne5 12. Bf1 Qb6 {[#] And now ...Qxd4! would win. is more profitable than 12...Re8 at the moment. E69: King's Indian: Fianchetto: 6...Nbd7 7 0-0 e5 8 e4 c6 9 h3.} 13. Be3 c5 $1 {[%cal Rc5d4]} ({Don't go for} 13... Qxb2 $2 14. Na4 $18) 14. Nc2 Be6 {White has an edge.} 15. b3 Nfd7 {Threatening ...Nxc4.} 16. Nd5 {[#]} Qd8 $146 ({Predecessor:} 16... Bxd5 17. cxd5 Nf6 18. f4 Ned7 19. Bf2 Rfe8 20. Qf3 Qa5 21. a4 Nxe4 22. Rxe4 Rxe4 23. Qxe4 Bxa1 24. Nxa1 {½-½ (33) Alshameary Puente,I (2352)-Oratovsky,M (2474) Maia 2018}) 17. Nf4 Re8 18. Bg2 Nf8 19. Qd2 Qd7 20. Rad1 Rad8 21. Kh2 b5 (21... Qc7 $14) 22. cxb5 (22. Nxe6 $142 fxe6 23. f4) 22... Qxb5 $16 23. Nd5 Rc8 (23... Bxd5 $11 {keeps the balance.} 24. Qxd5 Qa6) 24. Bg5 Bxd5 25. exd5 c4 26. Na3 Qa6 27. Nxc4 Nxc4 28. bxc4 Rxe1 {White stays focused until the end.} 29. Rxe1 Qxc4 {Strongly threatening ...Bc3.} 30. Re7 Rb8 ({Black should try} 30... Be5) 31. Qf4 Qxf4 32. Bxf4 ({Worse is} 32. gxf4 h6 $15) 32... Bd4 (32... Rb6 $16 {is a better defense.} 33. Be3 (33. Rxa7 Bd4 $16) 33... Ra6) 33. Bxd6 $18 Rd8 (33... Rc8 $142 34. f4 h5) 34. Bc7 Rd7 35. d6 {aiming for Bc6.} Bc5 {[#]} 36. Rxd7 Nxd7 {[%mdl 4096] Endgame KBB-KBN} 37. Bc6 Ne5 38. Ba4 Bxf2 39. d7 Nxd7 40. Bxd7 Bc5 41. Kg2 Bb4 42. Kf3 Kf8 43. Bd8 f5 44. Be6 Be1 45. Bf6 h6 46. a4 a5 47. g4 fxg4+ 48. Kxg4 Bd2 49. Kf3 h5 50. Ke4 g5 51. Kf5 {White mates.} g4 52. hxg4 hxg4 53. Kxg4 Ke8 54. Kf5 Be1 55. Ke4 Bd2 56. Kd5 Bb4 57. Kc6 Be1 58. Bd7+ Kf7 59. Bd8 Bd2 60. Kb5 {Weighted Error Value: White=0.05/Black=0.52} 1-0

[Event "Mykolaiv IM Feb 2021"]
[Site "Mykolaiv"]
[Date "2021.03.01"]
[Round "4.4"]
[White "Bondar, Dmytro"]
[Black "Vakulenko, Oleksandr"]
[Result "1-0"]
[WhiteElo "2254"]
[BlackElo "2256"]
[Annotator "TA"]
[PlyCount "85"]
[EventDate "2021.02.25"]
[EventType "tourn"]
[EventCountry "UKR"]
[SourceTitle "playchess.com"]
[Source "ChessBase"]
[SourceQuality "1"]

{[%evp 14,85,27,24,43,39,45,-37,45,29,52,32,37,37,47,34,113,114,112,110,216,207,229,227,221,214,258,262,262,264,254,259,253,251,266,218,220,194,223,185,300,289,305,231,265,219,266,252,285,290,265,199,573,576,512,513,579,618,538,450,449,404,860,860,859,856,799,748,1064,964,1194,1457,29987,29988]} 1. e4 e5 2. Nf3 Nc6 3. Bc4 Nf6 4. Ng5 d5 5. exd5 Na5 6. Bb5+ c6 7. dxc6 bxc6 8. Bd3 Nd5 {C58: Two Knights: 4 Ng5 d5 5 exd5 Na5 sidelines.} 9. h4 h6 {[#]} 10. Nf3 ({White should play} 10. Qh5 $1 $14 Qf6 11. Nh7 {[%mdl 64] Decoy}) 10... Nf4 (10... Bd6 $15) 11. Bf1 $14 Bg4 {Strongly threatening ...e4.} 12. d3 {[#]} Be7 $146 ({Predecessor:} 12... Qf6 13. Nbd2 Rd8 14. g3 Ne6 15. Bg2 Nd4 16. c3 Nxf3+ 17. Bxf3 Bxf3 18. Qxf3 Nb7 {1-0 (79) Yao,L (2207)-Wan,Q (1601) Zhongshan 2015}) 13. Nbd2 f5 14. g3 e4 {White now steadily converts the win.} 15. gxf4 $16 exf3 16. Nxf3 Bb4+ (16... O-O $16 {was called for.}) 17. c3 $18 Qe7+ 18. Be3 Bd6 19. Be2 Bxf4 20. Bxf4 Bxf3 {[#]} 21. Rh3 {[%cal Rh3f3]} Bxe2 22. Qxe2 Qxe2+ 23. Kxe2 Kf7 24. b4 Nb7 25. a4 Nd8 26. d4 a6 (26... g6 $142 27. b5 Ne6) 27. Be5 Rg8 28. c4 Ra7 29. Rb1 Rb7 30. b5 cxb5 31. axb5 Nc6 32. f4 Rc8 $2 (32... axb5 {is tougher.} 33. Rxb5 (33. cxb5 Re8 $16) 33... Re7) 33. bxc6 Rxb1 {[%mdl 4096] Endgame KRR-KRB} 34. d5 Rb4 35. Rg3 g6 36. Ra3 Rxc4 37. Rxa6 Rc5 (37... Kf8 $142 38. Kd3 Rc1) 38. Ra7+ Kg8 39. Rg7+ Kf8 40. Rh7 Re8 41. c7 {And now d6 would win.} g5 42. Kf3 gxf4 43. Bd6+ {Weighted Error Value: White=0.21/Black=0.68} 1-0